Normal view MARC view

Entry Personal Name

Number of records used in: 3

001 - CONTROL NUMBER

  • control field: 86126

003 - CONTROL NUMBER IDENTIFIER

  • control field: dpl

005 - DATE AND TIME OF LATEST TRANSACTION

  • control field: 20251217122113.0

008 - FIXED-LENGTH DATA ELEMENTS

  • fixed length control field: 251217|| aca||aabn | a|a d

040 ## - CATALOGING SOURCE

  • Original cataloging agency: dpl
  • Transcribing agency: dpl

100 ## - HEADING--PERSONAL NAME

  • Personal name: Chakraborty, Dyutiparna

670 ## - SOURCE DATA FOUND

  • Source citation: Work cat.: (dpl)213953: Das, Kanad 86125, 400 Wild Mushrooms of India:, 2025

© Delhi Public Library
Hit Counter
free hit counter